Procurement strategy (Record no. 117970)

MARC details
000 -LEADER
fixed length control field 01230cam a2200217 4500
001 - CONTROL NUMBER
control field WB@3612-331
008 - FIXED-LENGTH DATA ELEMENTS--GENERAL INFORMATION
fixed length control field 040907n2004 000 0 eng u
035 ## - SYSTEM CONTROL NUMBER
System control number (Sirsi) u127290
245 ## - TITLE STATEMENT
Title Procurement strategy
260 ## - PUBLICATION, DISTRIBUTION, ETC.
Date of publication, distribution, etc. 2004
490 ## - SERIES STATEMENT
Series statement Municipal Journal
Volume/sequential designation 2 September 2004 (1)
520 ## - SUMMARY, ETC.
Summary, etc. Plans to save millions of pounds through council efficiencies are under threat from an officer skills shortage and lack of commitment by members. While 92% of councils said they had a procurement strategy in place, almost two-thirds admitted they did not have the necessary skills to implement PFI/PPP projects, and 73% lacked the resources. The biggest barriers to joint working were named as local politics, lack of willingness to co-operate, fear of losing control, parochial attitudes, differing cultures and departmentalism. The survey was conducted by 4ps, the public-private partnerships programme. More information can be found on the website: http://www.4ps.co.uk/Home.aspx?PageID=0.
590 ## - LOCAL NOTE (RLIN)
Local note WB
590 ## - LOCAL NOTE (RLIN)
Local note WB
650 ## - SUBJECT ADDED ENTRY--TOPICAL TERM
Topical term or geographic name entry element LOCAL AUTHORITIES
650 ## - SUBJECT ADDED ENTRY--TOPICAL TERM
Topical term or geographic name entry element SUSTAINABLE DEVELOPMENT
650 ## - SUBJECT ADDED ENTRY--TOPICAL TERM
Topical term or geographic name entry element PROCUREMENT STRATEGIES
650 ## - SUBJECT ADDED ENTRY--TOPICAL TERM
Topical term or geographic name entry element PUBLIC PRIVATE PARTNERSHIPS
690 ## - LOCAL SUBJECT ADDED ENTRY--TOPICAL TERM (OCLC, RLIN)
Topical term or geographic name as entry element FINANCE-PFI
942 ## - ADDED ENTRY ELEMENTS (KOHA)
Suppress in OPAC 0
Holdings
Withdrawn status Lost status Source of classification or shelving scheme Damaged status Not for loan Home library Current library Shelving location Date acquired Total Checkouts Full call number Barcode Date last seen Copy number Price effective from Koha item type
    Dewey Decimal Classification     London London News article 07/09/2004   WB403412 127290-1001 06/08/2019 1 06/08/2019 News article